Organización de la Confederación Argentina

Uloženo v:
Podrobná bibliografie
Hlavní autor: Alberdi, Juan Bautista, 1810-1884 (Autor)
Médium: Kniha
Jazyk:španělština
Vydáno: Besanzón José Jacquin 1858
Témata:
Tagy: Přidat tag
Žádné tagy, Buďte první, kdo vytvoří štítek k tomuto záznamu!

MARC

LEADER 00000nam a2200000 a 4500
001 UCR4250
003 CL-VaPUC
008 980307e18580000FR |||||||||||||||||spa|d
082 0 4 |a 350.82  |b ALB  |2 21 
100 |a Alberdi, Juan Bautista,  |d 1810-1884  |e author  |9 331707 
245 1 0 |a Organización de la Confederación Argentina 
300 |a 2 v 
942 |c BK 
945 |d 19980307 00:00:00  |a crobeson 
260 |a Besanzón  |b José Jacquin  |c 1858 
650 0 |a Administración pública   |z Argentina   |9 402120 
650 0 |a Constituciones  |9 255417 
650 0 |a Derecho constitucional   |9 222588 
650 7 |a GOBIERNO Y ADMINISTRACION PROVINCIAL  |2 CL-VaPUC  |9 396390 
650 7 |a TRATADOS  |2 CL-VaPUC  |9 404036 
651 0 |a Argentina  |9 254888 
583 |a last modification  |c 19980307 00:00:00  |k Rodrigo Vera 
999 |c 267198  |d 267196 
952 |0 0  |1 0  |4 0  |6 350_820000000000000_ALB_1858  |7 0  |8 X  |9 299422  |a BIBDER  |b BIBDER  |d 2019-11-20  |h v.1  |i 1948539  |o 350.82 ALB 1858  |p 1948539  |r 2023-01-25  |w 2019-11-20  |y BK_X  |k DER